000 00473nam a2200169Ia 4500
005 20250923144451.0
008 008 250917s9999 xx 000 0 eng d
037 _aReference
040 _aDSWL
_beng
_cDSWL
041 _aeng
_2eng
084 _qDSWL
245 0 _aProgress of the plan . April 1951 to Sep 1953
_cby India Planing Commission
260 _aNew Delhi
_b Planing Commission
_c1954
300 _avi,137p.
942 _cREF
999 _c1439239
_d1439239